Věstník bibliografický časopis pro rozhled v literatuře, hudbě i umění

Bibliographic Details
Format: Journal
Language:Czech
PhysicalDescription:zv.
Published: Praha Fr. A. Urbánek 1869-1876
Subjects:

MARC

LEADER 00000cas a2200000 a 4500
001 vtls010296898
003 SK-MaSNL
005 20260228162359.0
008 110804d18691876xr ar p 0 b0cze c
040 |a SNK  |b slo  |c SNK  |e AACR2 
041 0 |a cze 
044 |a xr  |c CZ 
072 7 |a 78  |x Hudba  |2 konspekt 
080 |a 78  |2 2011 
080 |a 82  |2 2011 
080 |a 7  |2 2011 
080 |a 050  |2 2011 
080 |a (055)  |2 2011 
245 0 0 |a Věstník bibliografický  |b časopis pro rozhled v literatuře, hudbě i umění 
246 1 3 |a Věstník kritický a bibliografický  |f 1873 
260 |a Praha  |b Fr. A. Urbánek  |c 1869-1876 
300 |a zv. 
310 |a Neznáma 
362 0 |a Roč. 1 (1869)-roč. 5 (1873) ; Roč. 1 (1875)-roč. 2 (1870)  |z SKP ČR/2014, ABA001/2014, ZDB/2014 ; SKP 
500 |a SKP ČR/2014 uvádza začiatok vychádzania: Roč. 2 (1970) 
500 |a Nové číslovanie ročníkov a zmena podnázvu od 1875: časopis pro rozhled v literatuře, hudbě a umění 
650 0 7 |a hudba  |2 SNKPH  |9 1063 
650 0 7 |a umenie  |2 SNKPH  |9 1060 
650 0 7 |a literatúra  |2 SNKPH  |9 1427 
655 7 |a bulletiny  |2 SNKPH  |9 70453 
910 |a snk 
999 |c 7772  |d 9702 
952 |0 0  |1 0  |4 0  |7 0  |8 1  |a SNK  |b SNK  |d 2011-08-04  |i snkD 3399/89  |l 0  |o snkČSC 3094/1-2/1875-1877  |p 17A0708926  |r 2026-02-21 20:14:31  |t č. 1-12  |w 2026-02-21  |y PREZ 
952 |0 0  |1 0  |4 0  |7 0  |8 1  |a SNK  |b SNK  |d 2011-08-04  |i snkD 3400/89  |l 0  |o snkČSC 3094/1/1875-1876 D1  |p 17A0708928  |r 2026-02-21 20:14:32  |t č. 1-12  |w 2026-02-21  |y PREZ